| 000 | 01197nam a2200313Ia 4500 | ||
|---|---|---|---|
| 005 | 20220819111012.0 | ||
| 008 | 130821s2007 ag a gr spa | ||
| 020 | _a8498350522 (7a.Ed.) | ||
| 020 | _a9500601737 (6a.Ed.) | ||
| 040 |
_aCO-BoUCM _bspa _cJose A. Gerena (modificó) _d[Nuevo] |
||
| 041 | 0 | 0 | _aspa |
| 060 | 0 | 0 | _aWS 462 |
| 100 | 1 |
_aBerger, Kathleen Stassen _965615 |
|
| 245 | 1 | 0 |
_aPsicología del desarrollo _binfancia y adolescencia _cKathleen Stassen Berger ; traducción Diana S. Klajn y Adriana Latrónico |
| 250 | _a7a ed | ||
| 260 |
_aBuenos Aires (Argentina) _bEditorial Médica Panamericana _c2007 |
||
| 300 |
_axxv, 528 páginas _bilustraciones, gráficas |
||
| 500 | _aContiene apéndices. | ||
| 650 | 0 | 7 |
_aPsicología del adolescente _922816 |
| 650 | 0 | 7 |
_aPsicología infantil _922846 |
| 650 | 0 | 7 |
_aPsicología _98001 |
| 690 |
_aPediatría _921221 |
||
| 690 |
_aPsicología _98001 |
||
| 700 | 1 |
_aKlajn, Diana S. _etraductor _967238 |
|
| 700 | 1 |
_aLatrónico, Adriana _etraductor _9154543 |
|
| 710 | 2 |
_aEditorial Médica Panamericana _931707 |
|
| 765 | 1 | _tThe developing person through childhood and adolescence | |
| 942 |
_cLIBRO _a9 _e7 _mB496p _2NLM _hWS 462 _n0 |
||
| 999 |
_c54748 _d54748 |
||